01139nam a2200313 i 4500001001000000003000900010005001700019007000300036008004100039040003000080041000800110082002600118100005000144245009300194250002200287264007400309300002800383336002700411337003300438338002800471504003400499590002600533650003000559650003000589910003700619942001400656952013800670999001700808000026685DO-SdBNP20260321073641.0ta110324s1986 dr 000 0 spa d aDO-SdBNPbspacBNPHUerda aspa 4a321.5bB742b 19862221 a Bosch, Juan, d1909-2001eautor4aut.97655510aBreve historia de la oligarquía y tres conferencias sobre el feudalismo /cJuan Bosch. aQuinta edición  aSanto Domingo, República Dominicana :bEditora Alfa y omega,c1986. a225 páginas ;c21 cm. atextobtxt2rdacontent asin mediaciónbn2rdamedia avolumenbnc2rdacarrier aBibliografía: páginas 225 aInventariado, 2018/LP 4aOligarquiaxHistoria9257 4aFeudalismoxHistoria9256 aValidado. Control de calidad MFF 2ddccLBS1 00102ddc51708PDaBNPHUbBNPHUcHDd2011-03-24l0oBNPHU PD 321.5 B742b 1986p26685-10r2020-06-25w2020-06-25yLBS1ZNo se presta c26177d26177